Dorian : an imitation /

Gespeichert in:
Bibliographische Detailangaben
Format: Buch
Sprache:Englisch
Veröffentlicht: London Penguin 2003
Tags: Tag hinzufügen
Keine Tags, Fügen Sie das erste Tag hinzu!

MARC

LEADER 00000nam a2200000 4500
001 CDOM0000005257
003 mi
005 20251003231301.0
008 251003b |||||||| |||| 00| 0 eng d
040 |c mi 
245 1 |a Dorian :  |b an imitation /  |c Will Self 
260 |a London  |b Penguin  |c 2003 
300 |a 278 p.  |c 18 cm. 
942 |2 ddc  |c BK 
952 |0 0  |1 0  |2 ddc  |4 0  |6 B_LNR02SELWIDOR11  |7 0  |9 7720  |a MI  |b MI  |d 2012-06-11  |i 6316  |l 0  |o B-LNR02-SELWI-DOR11  |p CDOM6316  |r 2025-07-13 16:28:00  |w 2025-07-13  |x DONO  |y BK 
999 |c 6396  |d 6396